[Event "IRI-ch U16"]
[Site "Chess.com INT"]
[Date "2021.01.16"]
[Round "7"]
[White "Heydari Soodjani, Mohammad Matin"]
[Black "Ghadi Sahebi, Hosein"]
[Result "0-1"]
[WhiteElo "1371"]
[BlackElo "1817"]
[PlyCount "114"]
[EventDate "2021.01.16"]
[EventType "swiss"]
[EventRounds "11"]
[EventCountry "IRI"]
[SourceTitle "EXT 2022"]
[Source "ChessBase"]
[SourceDate "2021.10.06"]
[SourceVersion "1"]
[SourceVersionDate "2021.10.06"]
[SourceQuality "1"]

1. e4 c5 2. Nf3 d6 3. d4 cxd4 4. Nxd4 Nf6 5. Nc3 a6 6. Ke2 Qc7 7. Ke1 e5 8. Nb3 Be6 9. Be2 Be7 10. Be3 Nbd7 11. f3 Rc8 12. Kf2 b5 13. a3 0-0 14. Rf1 Nb6 15. Kg1 Nc4 16. Qc1 Nxe3 17. Qxe3 d5 18. exd5 Nxd5 19. Nxd5 Bxd5 20. Qd2 Rfd8 21. Bd3 Qb6+ 22. Kh1 Rc7 23. Rac1 Bxb3 24. cxb3 Rcd7 25. Rfd1 Rxd3 26. Qxd3 Rxd3 27. Rxd3 g6 28. b4 Kg7 29. Rc2 a5 30. bxa5 Qxa5 31. Rdd2 b4 32. Rd1 bxa3 33. bxa3 Qxa3 34. Re2 Qa4 35. Ree1 Bb4 36. Rf1 h5 37. Ra1 Qb5 38. Rab1 Qc4 39. Rfc1 Qf4 40. Rf1 Bd6 41. Rbd1 Bc7 42. Rc1 Bb8 43. Rb1 e4 44. g3 Qe5 45. f4 Qd6 46. Rfe1 Ba7 47. Rbd1 Qc6 48. Kg2 e3+ 49. Kh3 Qe6+ 50. Kg2 e2 51. Rd2 Qe4+ 52. Kh3 Qf5+ 53. Kg2 h4 54. Rdxe2 h3+ 55. Kf1 Qd5 56. Re4 Bc5 57. g4 Qd3+ 0-1

[Event "IRI-ch U16"]
[Site "Chess.com INT"]
[Date "2021.01.16"]
[Round "8"]
[White "Heydari Soodjani, Mohammad Matin"]
[Black "Looni, Arshiya"]
[Result "1-0"]
[WhiteElo "1371"]
[BlackElo "1647"]
[PlyCount "43"]
[EventDate "2021.01.16"]
[EventType "swiss"]
[EventRounds "11"]
[EventCountry "IRI"]
[SourceTitle "EXT 2022"]
[Source "ChessBase"]
[SourceDate "2021.10.06"]
[SourceVersion "1"]
[SourceVersionDate "2021.10.06"]
[SourceQuality "1"]

1. e4 d5 2. exd5 Qxd5 3. Nc3 Qd6 4. Nf3 Bg4 5. Be2 Nc6 6. h3 Bh5 7. d3 e6 8. Be3 Nf6 9. Qd2 a6 10. a3 0-0-0 11. 0-0-0 h6 12. Rhe1 Be7 13. d4 Kb8 14. Kb1 Rhe8 15. Bf4 Qd7 16. g4 Bg6 17. Bc4 Nd5 18. Ne5 Nxf4 19. Nxd7+ Rxd7 20. Qxf4 Bf6 21. d5 e5 22. Qf3 1-0

[Event "IRI-ch U16"]
[Site "Chess.com INT"]
[Date "2021.01.16"]
[Round "4"]
[White "Karimi, Mahdiar"]
[Black "Heydari Soodjani, Mohammad Matin"]
[Result "1-0"]
[WhiteElo "1805"]
[BlackElo "1371"]
[PlyCount "51"]
[EventDate "2021.01.16"]
[EventType "swiss"]
[EventRounds "11"]
[EventCountry "IRI"]
[SourceTitle "EXT 2022"]
[Source "ChessBase"]
[SourceDate "2021.10.06"]
[SourceVersion "1"]
[SourceVersionDate "2021.10.06"]
[SourceQuality "1"]

1. e4 e5 2. Nf3 Nf6 3. Nxe5 d6 4. Nf3 Nxe4 5. Nc3 Nxc3 6. dxc3 Be7 7. Be3 Nc6 8. Qd2 0-0 9. 0-0-0 a5 10. Bd3 Be6 11. Kb1 Ne5 12. Nxe5 dxe5 13. f4 exf4 14. Bxf4 c6 15. Qf2 Qc8 16. Qg3 Bf6 17. h4 b5 18. Bg5 Bd8 19. h5 Bxg5 20. Qxg5 h6 21. Qf4 c5 22. Bxb5 Rb8 23. a4 Rd8 24. Rd6 Bd7 25. Bxd7 Rxd7 26. Rxd7 1-0